Todos os Técnicos da Seleção Brasileira - Statistics

Estatísticas Gerais
  • Esse quiz foi jogado 161 vezes
  • A pontuação média é 21 de 51
Estatísticas das Respostas
Período Cargo Jogos pela Seleção Resposta % Correto
2016-2022 Efetivo 81 Jogos Tite
98%
2025 Efetivo Não estreou ainda Carlo Ancelotti
95%
2014-2016 Efetivo 26 Jogos Dunga
95%
2006-2010 Efetivo 57 Jogos Dunga
95%
2023-2024 Interino 6 Jogos Fernando Diniz
95%
2013-2014 Efetivo 29 Jogos Luiz Felipe Scolari
95%
2001-2002 Efetivo 24 Jogos Luiz Felipe Scolari
95%
1994-1998 Efetivo 72 Jogos Zagallo
95%
1970-1974 Efetivo 51 Jogos Zagallo
95%
1967 Interino 3 Jogos Zagallo
95%
2024-2025 Efetivo 16 Jogos Dorival Junior
92%
2003-2006 Efetivo 53Jogos Carlos Alberto Parreira
76%
1991-1994 Efetivo 45 Jogos Carlos Alberto Parreira
76%
1983 Efetivo 14 Jogos Carlos Alberto Parreira
76%
2010-2012 Efetivo 33 Jogos Mano Menezes
73%
1998-2000 Efetivo 33 Jogos Vanderlei Luxemburgo
73%
1985-1986 Efetivo 17 Jogos Telê Santana
66%
1980-1982 Efetivo 36 Jogos Telê Santana
66%
2023 Interino 3 Jogos Ramon Menezes
65%
2001 Efetivo 9 Jogos Emerson Leão
55%
1989-1990 Efetivo 30 Jogos Sebastião Lazaroni
32%
1964-1966 Efetivo 27 Jogos Vicente Feola
32%
1958-1960 Efetivo 29 Jogos Vicente Feola
32%
1987-1988 Efetivo 19 Jogos Carlos Alberto Silva
25%
1961-1963 Efetivo 35 Jogos Aymoré Moreira
24%
1953 Efetivo 7 Jogos Aymoré Moreira
24%
1969-1970 Efetivo 11 Jogos João Saldanha
24%
1990-1991 Efetivo 16 Jogos Falcão
22%
1967-1968 Efetivo 19 Jogos Aymoré Moreira
21%
1977-1979 Efetivo 31 Jogos Cláudio Coutinho
21%
1954-1955 Efetivo 8 Jogos Zezé Moreira
18%
1952 Efetivo 5 Jogos Zezé Moreira
18%
1975-1977 Efetivo 18 Jogos Osvaldo Brandão
17%
1957 Efetivo 8 Jogos Osvaldo Brandão
17%
1955-1956 Efetivo 6 Jogos Osvaldo Brandão
17%
1985 Efetivo 6 Jogos Evaristo de Macedo
12%
1956 Efetivo 14 Jogos Flávio Costa
12%
1945-1950 Efetivo 39 Jogos Flávio Costa
12%
1960 Interino 6 Jogos Oswaldo Rolla
10%
1931-1934 Efetivo 4 Jogos Luís Vinhaes
8%
1930 Efetivo 5 Jogos Píndaro de Carvalho
8%
1940 Efetivo 6 Jogos Ademar Pimenta
6%
1936-1938 Efetivo 11 Jogos Ademar Pimenta
6%
1984 Efetivo 3 Jogos Eduardo Coimbra
5%
2003 Interino 5 Jogos Ricardo Gomes
5%
1956 Efetivo 5 Jogos Teté
2%
1957 Efetivo 4 Jogos Sylvio Pirillo
1%
1923 Efetivo 6 Jogos Chico Netto
0%
1959 Interino 5 Jogos Gentil Cardoso
0%
1939 Efetivo 5 Jogos Jayme Barcelos
0%
1925 Efetivo 4 Jogos Ramón Platero
0%
Nenhum quiz correspondente encontrado
Distribuição das Pontuações
Porcentagem de Pessoas com Cada Pontuação
Percentil de Números Respondidos
Sua Pontuação Histórica
Você não jogou esse quiz